| Tag |
First Indicator |
Second Indicator |
Subfields |
| LEADER |
00000cam a2200000 a 4500 |
| 001 |
in00005751521 |
| 005 |
20260326193924.1 |
| 006 |
m o d |
| 007 |
cr cn||||||||| |
| 008 |
130212s2010 flua ob 001 0 eng d |
| 040 |
|
|
|a E7B
|b eng
|e pn
|c E7B
|d OCLCO
|d OCLCQ
|d N$T
|d OPELS
|d OCLCF
|d COO
|d EBLCP
|d DEBSZ
|d OCLCQ
|d VT2
|d OCLCQ
|d OCLCA
|d U3W
|d D6H
|d CEF
|d OCLCQ
|d S2H
|d OCLCO
|d OCLCQ
|d OCLCO
|d SXB
|d OCLCQ
|d OCLCO
|d OCLCQ
|d OCLCL
|d COA
|
| 019 |
|
|
|a 867318331
|a 961845642
|a 1340071016
|
| 020 |
|
|
|a 9781845699574
|q (electronic bk.)
|
| 020 |
|
|
|a 1845699572
|q (electronic bk.)
|
| 020 |
|
|
|z 9781845695330
|q (Woodhead Pub.)
|
| 020 |
|
|
|z 9781439830994
|q (CRC Press)
|
| 024 |
8 |
|
|a (WaSeSS)ssj0000614823
|
| 035 |
|
|
|a (OCoLC)828743828
|z (OCoLC)867318331
|z (OCoLC)961845642
|z (OCoLC)1340071016
|
| 050 |
|
4 |
|a HD9660.C392
|b C37 2010eb
|
| 072 |
|
7 |
|a TEC
|x 010000
|2 bisacsh
|
| 082 |
0 |
4 |
|a 628.5
|2 23
|
| 049 |
|
|
|a TXAM
|
| 245 |
0 |
0 |
|a Carbon dioxide (CO2) capture, transport and industrial applications /
|c edited by M. Mercedes Maroto-Valer.
|
| 260 |
|
|
|a Boca Raton, Fla. :
|b CRC Press ;
|a Oxford :
|b Woodhead Pub.,
|c 2010.
|
| 300 |
|
|
|a 1 online resource (xxii, 538 pages) :
|b illustrations.
|
| 336 |
|
|
|a text
|b txt
|2 rdacontent
|
| 337 |
|
|
|a computer
|b c
|2 rdamedia
|
| 338 |
|
|
|a online resource
|b cr
|2 rdacarrier
|
| 490 |
0 |
|
|a Developments and innovation in carbon dioxide (CO2) capture and storage technology ;
|v v. 1
|
| 490 |
1 |
|
|a Woodhead Publishing series in energy ;
|v no. 8
|
| 504 |
|
|
|a Includes bibliographical references and index.
|
| 505 |
0 |
|
|a pt. 1. Carbon dioxide (CO2) capture and storage economics, regulation and planning -- pt. 2. Post- and pre-combustion processes and technology for carbon dioxide (CO2) capture in power plants -- pt. 3. Advanced combustion processes and technology for carbon dioxide (CO2) capture in power plants -- pt. 4. Carbon dioxide (CO2) compression, transport and injection processes and technology -- pt. 5. Industrial applications of carbon dioxide (CO2) capture and storage technology.
|
| 520 |
|
|
|a Carbon dioxide (CO2) capture and storage (CCS) is the one advanced technology that conventional power generation cannot do without. CCS technology reduces the carbon footprint of power plants by capturing and storing the CO2 emissions from burning fossil-fuels and biomass. This volume provides a comprehensive reference on the state of the art research, development and demonstration of carbon capture technology in the power sector and in industry. It critically reviews the range of post- and pre-combustion capture and combustion-based capture processes and technology applicable to fossil-fuel power plants, as well as applications of CCS in other high carbon footprint industries. Foreword written by Lord Oxburgh, Climate Science PeerReviews the economics, regulation and planning of carbon capture and storage for power plants and industryExplores developments in combustion processes and technologies for CO2 capture in power plants.
|
| 650 |
|
0 |
|a Carbon sequestration.
|
| 650 |
|
0 |
|a Carbon dioxide industry.
|
| 650 |
|
6 |
|a Piégeage du carbone.
|
| 650 |
|
6 |
|a Gaz carbonique
|x Industrie.
|
| 650 |
|
7 |
|a TECHNOLOGY & ENGINEERING
|x Environmental
|x General.
|2 bisacsh
|
| 650 |
|
7 |
|a Carbon dioxide industry
|2 fast
|
| 650 |
|
7 |
|a Carbon sequestration
|2 fast
|
| 655 |
|
7 |
|a Electronic books.
|2 local
|
| 700 |
1 |
|
|a Maroto-Valer, M. Mercedes.
|
| 710 |
2 |
|
|a ScienceDirect (Online service)
|
| 776 |
0 |
8 |
|i Print version:
|a Maroto-Valer, M M.
|t Developments and Innovation in Carbon Dioxide (CO2) Capture and Storage Technology : Carbon Dioxide (Co2) Capture, Transport And Industrial Applications.
|d Burlington : Elsevier Science, ©2010
|z 9781845695330
|
| 830 |
|
0 |
|a Woodhead Publishing in energy ;
|v no. 8.
|
| 856 |
4 |
0 |
|u http://proxy.library.tamu.edu/login?url=https://www.sciencedirect.com/science/book/9781845695330
|z Connect to the full text of this electronic book
|t 0
|
| 936 |
|
|
|a BATCHLOAD
|
| 955 |
|
|
|a Elsevier ScienceDirect 2026-2027
|
| 994 |
|
|
|a 92
|b TXA
|
| 999 |
f |
f |
|i 4003ddc8-1e9f-48ea-8e59-f96619318fd6
|s 90e6500a-152b-43e8-be97-95f9077a3dd0
|t 0
|
| 952 |
f |
f |
|a Texas A&M University
|b College Station
|c Electronic Resources
|s www_evans
|d Available Online
|t 0
|e HD9660.C392 C37 2010eb
|h Library of Congress classification
|
| 998 |
f |
f |
|a HD9660.C392 C37 2010eb
|t 0
|l Available Online
|